1Q84 : (Record no. 75463)

MARC details
000 -LEADER
campo de control de longitud fija 00857cam a2200289 a 4500
001 - NÚMERO DE CONTROL
campo de control 80658
005 - FECHA Y HORA DE LA ÚLTIMA TRANSACCIÓN
campo de control 20230410130522.0
008 - DATOS DE LONGITUD FIJA--INFORMACIÓN GENERAL
campo de control de longitud fija 011101s2011 mx 000 1 spa
035 ## - NÚMERO DE CONTROL DEL SISTEMA
Número de control de sistema (OCoLC)ocn712141743
040 ## - FUENTE DE CATALOGACIÓN
Centro catalogador/agencia de origen EMU
Lengua de catalogación eng
Centro/agencia transcriptor EMU
020 ## - NÚMERO INTERNACIONAL ESTÁNDAR DEL LIBRO
Número Internacional Estándar del Libro 9786074212457 (libros 1-2)
035 ## - NÚMERO DE CONTROL DEL SISTEMA
Número de control de sistema (OCoLC)712141743
041 ## - CÓDIGO DE IDIOMA
Código de lengua del texto/banda sonora o título independiente spa
Código de lengua original jpn
050 14 - SIGNATURA TOPOGRÁFICA DE LA BIBLIOTECA DEL CONGRESO
Número de clasificación PL 856
Número de ítem M972u 2011
049 ## - FONDOS LOCALES (OCLC)
Biblioteca depositaria GRAL
100 1# - ENTRADA PRINCIPAL--NOMBRE DE PERSONA
Nombre de persona Murakami, Haruki,
Fechas asociadas al nombre 1949-
245 10 - MENCIÓN DEL TÍTULO
Título 1Q84 :
Resto del título Libros 1 y 2 /
Mención de responsabilidad, etc. Haruki Murakami ; traducción del japonés de Gabriel Alvarez Martínez
246 3# - FORMA VARIANTE DEL TITULO
Título propio/Titulo breve Uno q ochenta y cuatro
260 ## - PUBLICACIÓN, DISTRIBUCIÓN, ETC.
Lugar de publicación, distribución, etc. Mexico :
Nombre del editor, distribuidor, etc. Tusquets,
Fecha de publicación, distribución, etc. 2011-
300 ## - DESCRIPCIÓN FÍSICA
Extensión 737p. ;
Dimensiones 23 cm.
440 #0 - MENCIÓN DE SERIE/PUNTO DE ACCESO ADICIONAL--TÍTULO
Título Colección Andanzas ;
Designación de volumen o secuencia 747 / 1
500 ## - NOTA GENERAL
Nota general Traducido del idioma orginal: 1Q84.
700 1# - ENTRADA AGREGADA--NOMBRE PERSONAL
Nombre de persona Alvarez Martínez, Gabriel.
942 ## - ELEMENTOS DE ENTRADA SECUNDARIOS (KOHA)
Fuente del sistema de clasificación o colocación Clasificación de Library of Congress
Tipo de ítem Koha
994 ## -
-- C0
-- DRFGD
946 ## - PROCESAMIENTO DE INFORMACIÓN LOCAL (OCLC)
a JP
Holdings
Estatus retirado Estado de pérdida Fuente del sistema de clasificación o colocación Estado de daño No para préstamo Colección Biblioteca de origen Biblioteca actual Ubicación en estantería Fecha de adquisición Serial enumeration / chronology Signatura topográfica completa Código de barras Visto por última vez Copia número Tipo de ítem Koha
    Clasificación de Library of Congress     Humanidades Biblioteca Juan Bosch Biblioteca Juan Bosch Humanidades (4to. Piso) 10/04/2023 1 PL 856 M972u 2011 00000090713 25/10/2018 1